000 00372nam a2200133Ia 4500
008 231017s9999 xx 000 0 und d
082 _a625.8
082 _bHIC
245 0 _a"Evaluation of rutting potential of Oregon surface, mixes"
245 0 _cOregon department of transportation
260 _bOregon department of transportation
300 _c30cm
942 _cREP
999 _c606006
_d606006